000
00256nam a2200097Ia 4500
082
_a
TSO JF AHIT
245
0
_a
A hi tlangeni [Tsonga]
100
_a
Moore, Heather Cape Town, 2003
_9
24026
942
_c
BK
008
210816s9999 xx 000 0 und d
999
_c
141985
_d
141984